000 00539nam a2200145 a 4500
008 130321s1988 ||||||||||||||||| || u
020 _a9781932846171
050 _aQK 641 Mau
100 _aMauseth, James D
245 1 0 _aPlant anatomy
_cby James D. Mauseth
260 _aCaldwell, New Jersey:
_bThe Blackburn Press
_c1988
300 _axiv, 560p.: ill.
650 _aANATOMY--PLANTS
995 _aMAIN LIBRARY OPEN ACCESS
_e743492
_FCBU-MAIN LIBRARY (Kitwe)
_jQK 641 Mau
_M2
_UAVAILABLE
_WApr 30, 2013
_y743492
_ZMain Library Open Access Collection
999 _c81958
_d81958